1962 FIFA World Cup Team Logos - Statistics

General Stats
  • This quiz has been taken 54 times
  • The average score is 14 of 16
Answer Stats
Picture Answer % Correct
Brazil
100%
Argentina
98%
England
98%
Italy
96%
Switzerland
96%
Soviet Union
93%
Uruguay
93%
West Germany
93%
Bulgaria
91%
Hungary
89%
Chile
87%
Mexico
87%
Spain
84%
Yugoslavia
76%
Czechoslovakia
73%
Colombia
69%
No matching quizzes found
Score Distribution
Percent of People with Each Score
Percentile by Number Answered
Your Score History
You have not taken this quiz